000 00379nam a22001697a 4500
005 20180619113348.0
008 160601b xxu||||| |||| 00| 0 eng d
020 _a81-297-0591-5
041 _aeng
082 _b6691
_a658
100 _aKochan, Thomas A
_91655
245 _aManagement
260 _bPearsons
_c2004
300 _a294
650 _aManagement
_9241
942 _cBK
999 _c2329
_d2328